Para una práctica alternativa del asociacionismo /
El asociacionismo ideológico o político tiene poca importancia en los jóvenes, lo que según los adultos, da como resultado un panorama sombrío en el sistema democrático. Los jóvenes a falta de decisiones macroeconómicas han decidido unirse en la lucha por ocupaciones, además el miedo a la guerra, a...
Guardado en:
| Hovedforfatter: | |
|---|---|
| Format: | Bog |
| Sprog: | Spanish |
| Fag: | |
| Tags: |
Tilføj Tag
Ingen Tags, Vær først til at tagge denne postø!
|
MARC
| LEADER | 00000nam a22000007a 4500 | ||
|---|---|---|---|
| 003 | cru CIDCACS/IIS | ||
| 005 | 20200611062550.0 | ||
| 008 | 200416s1989 sp |||p|r||||||0| ||spa|d | ||
| 999 | |c 43073 |d 43073 | ||
| 040 | |c cru CIDCACS/IIS | ||
| 100 | 1 | |9 9232 |a Ibarra Blanco, Esteban | |
| 245 | 1 | |a Para una práctica alternativa del asociacionismo / |c Esteban Ibarra Blanco | |
| 300 | |a páginas 15-20 | ||
| 520 | |a El asociacionismo ideológico o político tiene poca importancia en los jóvenes, lo que según los adultos, da como resultado un panorama sombrío en el sistema democrático. Los jóvenes a falta de decisiones macroeconómicas han decidido unirse en la lucha por ocupaciones, además el miedo a la guerra, a la degradación humana ha generado una respuesta asociativa y práctica. Finalmente el autor considera que solamente con los jóvenes y desde ellos se llegará al camino de la democracia verdadera. VJ/JM | ||
| 650 | 0 | |9 978 |a JUVENTUD | |
| 650 | 0 | |9 2125 |a PARTICIPACION SOCIAL | |
| 650 | 0 | |a MOVIMIENTOS SOCIALES |9 3 | |
| 650 | 4 | |9 9233 |a CENTROS JUVENILES | |
| 650 | 0 | |9 4279 |a ORGANIZACIONES JUVENILES | |
| 773 | 0 | |0 43071 |9 4536 |a España. |d Madrid: Ministerio de Asuntos Sociales. Instituto de la Juventud. Centro Nacional de Información y Documentación sobre Juventud |o MFN: 0365 |t Revista de Estudios de la Juventud/ |x 02114364 | |
| 942 | |2 ddc |c PP | ||
